Shadow of the gallows (Record no. 433831)

000 -LEADER
fixed length control field 00341cam a22001217a 4500
008 - FIXED-LENGTH DATA ELEMENTS--GENERAL INFORMATION
fixed length control field 180718b1951 xxu||||| |||| 00| 0 eng d
082 ## - DEWEY DECIMAL CLASSIFICATION NUMBER
Classification number Q923x42 T249
100 ## - MAIN ENTRY--PERSONAL NAME
Personal name Templewood, Viscount
245 ## - TITLE STATEMENT
Title Shadow of the gallows
Statement of responsibility, etc. by Viscount Templewood
260 ## - PUBLICATION, DISTRIBUTION, ETC.
Place of publication, distribution, etc. London
Name of publisher, distributor, etc. Victor Gollancz
Date of publication, distribution, etc. 1951
300 ## - PHYSICAL DESCRIPTION
Extent 159p.
650 ## - SUBJECT ADDED ENTRY--TOPICAL TERM
Topical term or geographic name entry element Capital punishments
Holdings
Withdrawn status Lost status Damaged status Not for loan Permanent Location Current Location Date acquired Full call number Barcode Date last seen Price effective from Koha item type
        Indian Institute of Public Administration Indian Institute of Public Administration 2010-02-11 Q923x42 T249 12141 2018-07-21 2018-07-21 Book

Powered by Koha